| 000 | 00816cam a2200241 a 4500 | ||
|---|---|---|---|
| 999 |
_c1280 _d1280 |
||
| 003 | OSt | ||
| 005 | 20200824121127.0 | ||
| 008 | 851216s1986 nyua 001 0 eng | ||
| 020 | _a0393954994 | ||
| 040 |
_aDLC _cKABLIB _dKABLIB |
||
| 082 | 0 | 0 |
_a808.042 _223 _bHEF |
| 100 | 1 |
_aHeffernan, James A. W. _93707 |
|
| 245 | 1 | 0 |
_aWriting, a College Handbook / _cJames A.W. Heffernan, John E. Lincoln. |
| 250 | _a2nd ed. | ||
| 260 |
_aNew York : _bNorton, _cc1986. |
||
| 300 |
_axxx, 685 p. : _bill. ; _c23 cm. |
||
| 500 | _aIncludes index. | ||
| 650 | 0 |
_aEnglish language _xRhetoric _xHandbooks, manuals, etc. _93708 |
|
| 650 | 0 |
_aEnglish language _xGrammar _xHandbooks, manuals, etc. _93709 |
|
| 650 | 0 |
_aReport writing _xHandbooks, manuals, etc. _93710 |
|
| 700 | 1 |
_aLincoln, John E. _eJoint Author. _93711 |
|
| 942 |
_2ddc _cBOOK |
||